[Event "Staufer op 34th"]
[Site "Schwaebisch Gmuend"]
[Date "2024.01.03"]
[Round "3"]
[White "Zeller, Frank"]
[Black "Wolf, Ulrich Martin"]
[Result "1-0"]
[WhiteElo "2335"]
[BlackElo "2195"]
[PlyCount "69"]
[EventDate "2024.01.02"]
[EventType "swiss"]
[EventRounds "9"]
[EventCountry "GER"]
[SourceTitle "CB02_2024"]
[SourceDate "2024.01.10"]
[SourceVersion "1"]
[SourceVersionDate "2024.01.10"]
[SourceQuality "1"]

1. d4 f5 2. Nc3 Nf6 3. Bg5 d5 4. e3 e6 5. Nf3 Be7 6. Bd3 0-0 7. 0-0 Bd7 8. Ne2 h6 9. Bxf6 Bxf6 10. c4 c6 11. Qb3 Qb6 12. Ne5 Bxe5 13. dxe5 Na6 14. Qc3 Nc5 15. b3 Rac8 16. Rac1 Qa6 17. Bb1 Qa3 18. Nf4 Na6 19. g4 Qe7 20. gxf5 exf5 21. Kh1 Rfe8 22. Rg1 Qxe5 23. Nh5 Qxc3 24. Rxc3 Re7 25. Nf6+ Kf7 26. Nxd7 g6 27. cxd5 Rxd7 28. e4 Re8 29. dxc6 Rc7 30. exf5 g5 31. Bd3 Nb4 32. Bc4+ Kf6 33. cxb7 Rxb7 34. a3 Na2 35. Rc2 1-0

[Event "Heusenstamm Schloss op"]
[Site "Heusenstamm"]
[Date "2023.11.25"]
[Round "4"]
[White "Burkart, Lloyd Shang"]
[Black "Wolf, Ulrich Martin"]
[Result "1/2-1/2"]
[WhiteElo "2094"]
[BlackElo "2203"]
[PlyCount "29"]
[EventDate "2023.11.23"]
[EventType "swiss"]
[EventRounds "7"]
[EventCountry "GER"]
[SourceTitle "CB50_2023"]
[SourceDate "2023.12.13"]
[SourceVersion "1"]
[SourceVersionDate "2023.12.13"]
[SourceQuality "1"]

1. d4 f5 2. Bg5 g6 3. Nd2 Bg7 4. e4 fxe4 5. Nxe4 d5 6. Ng3 c5 7. Nf3 Nc6 8. dxc5 Bxb2 9. Rb1 Bc3+ 10. Bd2 Bg7 11. c4 d4 12. Bd3 Qc7 13. Qc2 Nf6 14. 0-0 0-0 15. Rfe1 1/2-1/2

[Event "Heusenstamm Schloss op"]
[Site "Heusenstamm"]
[Date "2023.11.24"]
[Round "2"]
[White "Piepenhagen, Eric"]
[Black "Wolf, Ulrich Martin"]
[Result "1/2-1/2"]
[WhiteElo "1838"]
[BlackElo "2203"]
[PlyCount "88"]
[EventDate "2023.11.23"]
[EventType "swiss"]
[EventRounds "7"]
[EventCountry "GER"]
[SourceTitle "CB50_2023"]
[SourceDate "2023.12.13"]
[SourceVersion "1"]
[SourceVersionDate "2023.12.13"]
[SourceQuality "1"]

1. e4 c5 2. Nf3 Nc6 3. d4 cxd4 4. Nxd4 e5 5. Nb5 d6 6. c4 Be6 7. N1c3 a6 8. Na3 Nf6 9. Bd3 Rc8 10. 0-0 Be7 11. h3 0-0 12. Be3 Nd7 13. Nd5 Bg5 14. Nc2 Bxe3 15. Ncxe3 Qg5 16. Kh1 Rfe8 17. Rc1 Nd4 18. Nc2 Nxc2 19. Rxc2 Qh4 20. Qf3 Bxd5 21. cxd5 Rxc2 22. Bxc2 Rc8 23. Bd3 Qf4 24. Qe2 Rc1 25. Rxc1 Qxc1+ 26. Kh2 g6 27. Qc2 Qxc2 28. Bxc2 a5 29. f3 Kf8 30. Kg3 Ke7 31. Kf2 Kd8 32. Ke3 g5 33. Bd3 h5 34. g4 h4 35. Kd2 f6 36. Kc3 Kc7 37. Bb5 Nc5 38. b4 axb4+ 39. Kxb4 Kb6 40. Bf1 Na6+ 41. Bxa6 bxa6 42. a4 a5+ 43. Kc4 Ka6 44. Kc3 Kb6 1/2-1/2

[Event "Rhein Main op-A 24th"]
[Site "Bad Homburg"]
[Date "2022.06.18"]
[Round "6"]
[White "Wolf, Ulrich Martin"]
[Black "Schmid, Roland1111"]
[Result "1/2-1/2"]
[WhiteElo "2159"]
[BlackElo "2265"]
[PlyCount "81"]
[EventDate "2022.06.15"]
[EventType "swiss"]
[EventRounds "7"]
[EventCountry "GER"]
[SourceTitle "EXT 2023"]
[Source "ChessBase"]
[SourceDate "2022.10.05"]
[SourceVersion "1"]
[SourceVersionDate "2022.10.05"]
[SourceQuality "1"]

1. d4 d5 2. Nf3 e6 3. g3 Bd6 4. Bg2 f5 5. 0-0 Nf6 6. c4 c6 7. b3 Qe7 8. Bb2 b6 9. Nbd2 Bb7 10. Rc1 Nbd7 11. Ne5 0-0 12. Ndf3 Rfd8 13. cxd5 cxd5 14. Nc6 Bxc6 15. Rxc6 Nb8 16. Rc1 Na6 17. Ne5 Bxe5 18. dxe5 Nd7 19. g4 fxg4 20. Rc6 Nf8 21. e4 Qg5 22. exd5 Nb4 23. Rd6 Rxd6 24. exd6 Nxd5 25. Bxd5 exd5 26. Re1 Ng6 27. Re5 Nxe5 28. Qxd5+ Nf7 29. Qxa8+ Qd8 30. Qxa7 Qxd6 31. Qa8+ Nd8 32. Qe4 Qd7 33. Qd4 Qe7 34. Qxg4 Ne6 35. Qe4 h6 36. Qe5 Qd7 37. Kg2 Ng5 38. Qe3 Qg4+ 39. Kf1 Qd1+ 40. Kg2 Qg4+ 41. Kf1 1/2-1/2

[Event "Rhein Main op-A 22nd"]
[Site "Bad Homburg"]
[Date "2019.06.23"]
[Round "7"]
[White "Wolf, Ulrich Martin"]
[Black "Stork, Christopher"]
[Result "1-0"]
[WhiteElo "2191"]
[BlackElo "1817"]
[PlyCount "59"]
[EventDate "2019.06.19"]
[EventType "swiss"]
[EventRounds "9"]
[EventCountry "GER"]
[SourceTitle "EXT 2020"]
[Source "ChessBase"]
[SourceDate "2019.10.17"]
[SourceVersion "1"]
[SourceVersionDate "2019.10.17"]
[SourceQuality "1"]

1. g3 d5 2. Bg2 Nf6 3. Nf3 Nbd7 4. d4 e6 5. 0-0 c5 6. c4 cxd4 7. cxd5 Nxd5 8. Qxd4 Qf6 9. e4 Qxd4 10. Nxd4 Nc7 11. Nc3 Bc5 12. Nb3 Be7 13. Be3 0-0 14. f4 Nb6 15. Bxb6 axb6 16. e5 Rb8 17. Rfd1 Na6 18. Nb5 Nc5 19. Nd6 Bd7 20. Nxc5 bxc5 21. Nxb7 Bc8 22. Na5 Rxb2 23. Rab1 Rxb1 24. Rxb1 Ba6 25. Nc6 Bd8 26. Rb8 Bf6 27. exf6 gxf6 28. a4 Rxb8 29. Nxb8 Bd3 30. Kf2 1-0

[Event "Heusenstamm Sparkassen op-A 5th"]
[Site "Heusenstamm"]
[Date "2018.11.25"]
[Round "7"]
[White "Wolf, Ulrich Martin"]
[Black "Vakulenko, Aleksandr"]
[Result "0-1"]
[WhiteElo "2221"]
[BlackElo "1999"]
[PlyCount "102"]
[EventDate "2018.11.22"]
[EventType "swiss"]
[EventRounds "7"]
[EventCountry "GER"]
[SourceTitle "CBM 188 Extra"]
[Source "ChessBase"]
[SourceDate "2019.02.26"]
[SourceVersion "1"]
[SourceVersionDate "2019.02.26"]
[SourceQuality "1"]

1. d4 Nf6 2. Nf3 e6 3. c4 Bb4+ 4. Bd2 a5 5. a3 Bxd2+ 6. Qxd2 Ne4 7. Qc2 f5 8. Nc3 Nxc3 9. Qxc3 0-0 10. g3 b6 11. Bg2 Bb7 12. 0-0 a4 13. Rfd1 Qe7 14. d5 d6 15. dxe6 Na6 16. Nd4 Bxg2 17. Kxg2 Nc5 18. Qf3 Rae8 19. Qd5 f4 20. Rac1 Kh8 21. Rc3 Rf6 22. Rf3 Nxe6 23. Nxe6 Qxe6 24. e3 fxe3 25. fxe3 Rxf3 26. Qxe6 Rxg3+ 27. hxg3 Rxe6 28. Kf3 g6 29. Rd5 Kg7 30. Rb5 Re5 31. Rb4 Ra5 32. c5 dxc5 33. Re4 Kf7 34. Rf4+ Ke7 35. Re4+ Kd6 36. Rh4 h5 37. g4 Rb5 38. gxh5 gxh5 39. Rh2 c4 40. Kf4 Rb3 41. e4 c3 42. bxc3 Rxc3 43. Rxh5 Rxa3 44. Rh6+ Kc5 45. Rh5+ Kb4 46. e5 Ra1 47. e6 Rf1+ 48. Ke5 Re1+ 49. Kd5 a3 50. Rh4+ Kb3 51. Re4 Rxe4 0-1

[Event "Rhein Main op-A 21st"]
[Site "Bad Homburg"]
[Date "2018.05.30"]
[Round "1"]
[White "Wolf, Ulrich Martin"]
[Black "Roediger, Thomas"]
[Result "1/2-1/2"]
[WhiteElo "2197"]
[BlackElo "1971"]
[PlyCount "78"]
[EventDate "2018.05.30"]
[EventType "swiss"]
[EventRounds "7"]
[EventCountry "GER"]
[SourceTitle "EXT 2019"]
[Source "ChessBase"]
[SourceDate "2018.10.10"]
[SourceVersion "1"]
[SourceVersionDate "2018.10.10"]
[SourceQuality "1"]

1. d4 Nf6 2. Nf3 e6 3. c4 d5 4. Nc3 c6 5. g3 Nbd7 6. Bg2 Be7 7. 0-0 0-0 8. b3 Re8 9. Bb2 Rb8 10. Ne5 Nxe5 11. dxe5 Ng4 12. Qd4 f5 13. exf6 Nxf6 14. Qxa7 Qc7 15. cxd5 exd5 16. e4 Nxe4 17. Nxe4 dxe4 18. Bxe4 Bf6 19. Bxf6 Rxe4 20. Bd8 Qe5 21. f4 Qd4+ 22. Qxd4 Rxd4 23. Bb6 Re4 24. Rfe1 Bf5 25. Rxe4 Bxe4 26. Kf2 Ra8 27. a3 Bd5 28. b4 Ra6 29. Bd4 b5 30. Bb2 Ra8 31. Re1 Kf7 32. g4 Rd8 33. Rd1 Re8 34. Be5 g5 35. Rd3 gxf4 36. Bxf4 Re4 37. Kg3 Kg6 38. Re3 Rxe3+ 39. Bxe3 h5 1/2-1/2

[Event "Heusenstamm Sparkassen op-A 4th"]
[Site "Heusenstamm"]
[Date "2017.11.25"]
[Round "4"]
[White "Koellner, Aaron Noah"]
[Black "Wolf, Ulrich Martin"]
[Result "0-1"]
[WhiteElo "1935"]
[BlackElo "2189"]
[PlyCount "88"]
[EventDate "2017.11.23"]
[EventType "swiss"]
[EventRounds "7"]
[EventCountry "GER"]
[SourceTitle "EXT 2019"]
[Source "ChessBase"]
[SourceDate "2018.10.10"]
[SourceVersion "1"]
[SourceVersionDate "2018.10.10"]
[SourceQuality "1"]

1. d4 f5 2. Bg5 g6 3. e3 Bg7 4. h4 h6 5. Bf4 Nf6 6. Nd2 d6 7. c3 e6 8. Be2 Nc6 9. Qc2 Qe7 10. 0-0-0 e5 11. Bh2 0-0 12. Re1 Kh8 13. Nh3 a6 14. Bg3 Be6 15. h5 Nxh5 16. Bxh5 gxh5 17. Nf3 Qf7 18. a3 Bb3 19. Qb1 Rae8 20. Nd2 Be6 21. f3 f4 22. Bf2 fxe3 23. Bxe3 Bf5 24. Qa1 exd4 25. cxd4 Nxd4 26. Bxd4 Bxd4 27. Rxe8 Qxe8 28. Qa2 Qc6+ 29. Qc4 Qxc4+ 30. Nxc4 b5 31. Na5 Be3+ 32. Kd1 d5 33. Ng1 h4 34. Ne2 Rg8 35. Rxh4 Rxg2 36. Nb3 Kh7 37. Nbc1 c5 38. b4 c4 39. Rh5 Kg6 40. Rh1 d4 41. Rh4 d3 42. Nf4+ Bxf4 43. Rxf4 c3 44. Rd4 Rg1# 0-1

[Event "Hofheim Spring op-A 5th"]
[Site "Hofheim"]
[Date "2017.04.11"]
[Round "8"]
[White "Everett, Elijah David"]
[Black "Wolf, Ulrich Martin"]
[Result "1/2-1/2"]
[WhiteElo "2114"]
[BlackElo "2166"]
[PlyCount "68"]
[EventDate "2017.04.07"]
[EventType "swiss"]
[EventRounds "9"]
[EventCountry "GER"]
[SourceTitle "EXT 2018"]
[Source "ChessBase"]
[SourceDate "2017.10.13"]
[SourceVersion "1"]
[SourceVersionDate "2017.10.13"]
[SourceQuality "1"]

1. e4 c5 2. Nf3 Nc6 3. d4 cxd4 4. Nxd4 e5 5. Nb5 d6 6. N1c3 a6 7. Na3 b5 8. Nd5 Be7 9. Be3 Rb8 10. c4 b4 11. Nc2 Nf6 12. Qd3 0-0 13. Be2 Ng4 14. Bd2 a5 15. f3 Nf6 16. 0-0 Nd7 17. Be3 Nc5 18. Qd2 h6 19. Rfd1 Bg5 20. Bxg5 Qxg5 21. Qxg5 hxg5 22. Nc7 b3 23. axb3 Nxb3 24. Ra2 Nbd4 25. Nxd4 Nxd4 26. Bf1 Be6 27. Rxa5 Rxb2 28. Nb5 Ne2+ 29. Kh1 Bxc4 30. Nxd6 Rd8 31. Raa1 Bb3 32. Rdb1 Rxb1 33. Rxb1 Rxd6 34. Bxe2 Be6 1/2-1/2

[Event "Hofheim Spring op-A 5th"]
[Site "Hofheim"]
[Date "2017.04.09"]
[Round "4"]
[White "Malek, Daniel"]
[Black "Wolf, Ulrich Martin"]
[Result "1-0"]
[WhiteElo "2408"]
[BlackElo "2166"]
[PlyCount "117"]
[EventDate "2017.04.07"]
[EventType "swiss"]
[EventRounds "9"]
[EventCountry "GER"]
[SourceTitle "CBM 177 Extra"]
[Source "ChessBase"]
[SourceDate "2017.04.27"]
[SourceVersion "1"]
[SourceVersionDate "2017.04.27"]
[SourceQuality "1"]

1. c4 f5 2. Nf3 Nf6 3. g3 g6 4. b4 Bg7 5. Bb2 0-0 6. Bg2 d6 7. d4 e5 8. dxe5 Ng4 9. Qb3 dxe5 10. c5+ Kh8 11. h3 e4 12. hxg4 exf3 13. Bxg7+ Kxg7 14. Qxf3 fxg4 15. Qc3+ Qf6 16. Qxf6+ Rxf6 17. Nc3 Nc6 18. a3 a5 19. b5 Nd4 20. 0-0 Nb3 21. Ne4 Rf5 22. Rad1 Be6 23. b6 Rc8 24. bxc7 Rxc7 25. Nd6 Rf8 26. Nxb7 Nxc5 27. Rc1 Rxb7 28. Rxc5 Rb2 29. Rxa5 Rxe2 30. Ra7+ Kh6 31. Re7 Bc4 32. Rxe2 Bxe2 33. Ra1 Bf3 34. a4 Bxg2 35. Kxg2 Ra8 36. a5 Ra6 37. Kf1 Kg5 38. Ke2 h5 39. Kd3 Kf5 40. Ra4 g5 41. Kc4 h4 42. Kb5 Ra8 43. a6 h3 44. Kb6 h2 45. Ra1 Ke4 46. Rh1 Rh8 47. a7 Kf3 48. Rxh2 Rxh2 49. a8Q+ Kxf2 50. Qb8 Rg2 51. Qe5 Rxg3 52. Qxg5 Rg1 53. Qf4+ Ke2 54. Qe4+ Kf2 55. Qf4+ Ke2 56. Kc5 g3 57. Kd4 g2 58. Qe3+ Kf1 59. Qf3+ 1-0

[Event "Hofheim Spring op-A 5th"]
[Site "Hofheim"]
[Date "2017.04.09"]
[Round "5"]
[White "Wolf, Ulrich Martin"]
[Black "Chandler, Patrick"]
[Result "0-1"]
[WhiteElo "2166"]
[BlackElo "2151"]
[PlyCount "138"]
[EventDate "2017.04.07"]
[EventType "swiss"]
[EventRounds "9"]
[EventCountry "GER"]
[SourceTitle "CBM 177 Extra"]
[Source "ChessBase"]
[SourceDate "2017.04.27"]
[SourceVersion "1"]
[SourceVersionDate "2017.04.27"]
[SourceQuality "1"]

1. Nf3 d5 2. g3 c6 3. Bg2 Bf5 4. 0-0 h6 5. b3 Nf6 6. Bb2 e6 7. d4 Nbd7 8. c4 Be7 9. Nbd2 0-0 10. Ne5 Qc7 11. Nd3 Rfe8 12. Rc1 Rad8 13. Re1 Qb8 14. c5 Ne4 15. f3 Nxd2 16. Qxd2 Bxd3 17. Qxd3 e5 18. b4 exd4 19. Bxd4 Bf6 20. Rcd1 Bxd4+ 21. Qxd4 Nf6 22. e3 Rd7 23. a4 a6 24. Bf1 Rde7 25. Kf2 Qc8 26. Qf4 Re5 27. g4 Qe6 28. a5 g5 29. Qd4 h5 30. h3 Qe7 31. Bg2 Nh7 32. Re2 Nf8 33. Rde1 f6 34. Qd3 hxg4 35. hxg4 Ne6 36. Qg6+ Kf8 37. Rh1 Qg7 38. Qb1 Kg8 39. Ree1 Nf8 40. Bf1 Qe7 41. Qd3 Kg7 42. Rh5 Ng6 43. Bg2 Rh8 44. Rxh8 Nxh8 45. Rh1 Kg8 46. Bf1 Qg7 47. Qc2 Qe7 48. Qd2 Qc7 49. Bd3 Re7 50. Qb2 Qe5 51. Qd4 Rg7 52. Bf5 Ng6 53. Rh6 Qxd4 54. exd4 Nf4 55. Rxf6 Re7 56. Rd6 Re2+ 57. Kf1 Rb2 58. Rd8+ Kf7 59. Rd7+ Kf6 60. Rxb7 Ne2 61. Bd3 Nxd4 62. Bxa6 Ke5 63. Bd3 Kf4 64. a6 Ke3 65. Bg6 Ra2 66. a7 Nxf3 67. Re7+ Kf4 68. Re2 Rxa7 69. Be8 Nd4 0-1

[Event "Heusenstamm Sparkassen op-A 3rd"]
[Site "Heusenstamm"]
[Date "2016.11.27"]
[Round "5"]
[White "Wolf, Ulrich Martin"]
[Black "Cichy, Michael"]
[Result "1-0"]
[WhiteElo "2161"]
[BlackElo "2053"]
[PlyCount "69"]
[EventDate "2016.11.24"]
[EventType "swiss"]
[EventRounds "7"]
[EventCountry "GER"]
[SourceTitle "EXT 2018"]
[Source "ChessBase"]
[SourceDate "2017.10.13"]
[SourceVersion "1"]
[SourceVersionDate "2017.10.13"]
[SourceQuality "1"]

1. Nf3 Nf6 2. g3 b6 3. Bg2 Bb7 4. 0-0 e6 5. c4 Be7 6. Nc3 0-0 7. d4 Ne4 8. Qd3 Nxc3 9. Qxc3 c5 10. Rd1 d6 11. dxc5 bxc5 12. Bf4 Qc7 13. Qd3 Rd8 14. Ng5 g6 15. Ne4 e5 16. Bg5 Bxg5 17. Nxg5 Bxg2 18. Kxg2 Nc6 19. Rd2 Qe7 20. Ne4 Nb4 21. Qf3 Rac8 22. Rad1 Nxa2 23. Nxd6 Rb8 24. Qc6 Nb4 25. Qxc5 h5 26. Qe3 Nc6 27. c5 Rb4 28. Qf3 Nd4 29. Qd5 Rdb8 30. e3 Nb3 31. Rc2 h4 32. c6 h3+ 33. Kxh3 Qc7 34. Qxf7+ Qxf7 35. Nxf7 1-0